000
00345nam a2200157Ia 4500
008
210210b1927 xxu||||| |||| 00| 0 eng d
041
_a
eng
082
_a
954/278
100
_a
NATARAJAN (K)
245
_a
Indians abroad
260
_a
Bombay
_b
-
_c
1927
650
_a
Indians
650
_a
abroad
690
_a
Indian History
906
_a
026036
999
_c
77944
_d
77944